|
|
|
|
| LEADER |
00000nab a2200000ua 4500 |
| 001 |
vtls010840096 |
| 003 |
SK-MaSNL |
| 005 |
20260303104131.0 |
| 008 |
230121s1997 xo |||||||||||||||||slo| |
| 035 |
|
|
|a (urnnbn)urn:nbn:sk:snk:ar-a06x7u
|
| 035 |
|
|
|a urn:nbn:sk:snk-ab62yi
|
| 035 |
|
|
|a (uuid)b4620028-54b0-4ef1-a667-09d6e8b270cd
|
| 040 |
|
|
|a SNKBUCL
|b slo
|c SNKBUCL
|e AACR2
|
| 041 |
0 |
|
|a slo
|
| 044 |
|
|
|a xo
|c SK
|
| 100 |
1 |
|
|a Butko, František
|4 aut
|9 1118397
|
| 245 |
1 |
0 |
|a ROZVOJ METÓDY PLÁNOVANIA OPERÁCIE
|c František Butko
|
| 773 |
0 |
|
|t Vojenské obzory : teoretický časopis
|g Roč. 4, č. 4 (1997), s. 35-41
|
| 954 |
|
|
|a odborná, vedecká literatúra pôvodná (slovenská)
|2 lita
|
| 958 |
|
|
|a OND
|
| 958 |
|
|
|a EUIPO
|
| 958 |
|
|
|a article5
|
| 999 |
|
|
|c 1854521
|d 1856451
|